ბათუმის შოთა რუსთაველის სახელმწიფო უნივერსიტეტის ბიბლიოთეკა

ჩანაწერი Corporate Name

ჩანაწერთა რაოდენობა, რომელიც გამოყენებულია: 1

001 - CONTROL NUMBER

  • control field: 4543

003 - CONTROL NUMBER IDENTIFIER

  • control field: GE_BSU

005 - DATE AND TIME OF LATEST TRANSACTION

  • control field: 20191004162509.0

008 - FIXED-LENGTH DATA ELEMENTS

  • fixed length control field: 191004|| aca||aabn | a|a d

040 ## - CATALOGING SOURCE

  • Original cataloging agency: GE_BSU
  • Transcribing agency: GE_BSU

110 ## - HEADING--CORPORATE NAME

  • Corporate name or jurisdiction name as entry element:
  • Relator term: Батумский гос. ун-т им. Шота Руставели., Харьковский гос. ун-т питания и торговли., Армянский гос. экономич.ун-т., Белорусск. торгово-экономич. ун-т потребительской кооперации., технич. ун-т Молдовы. Экономич. акад. Молдовы., МАНИО. Пубичная физико-математич. школа №6 г. Батуми.

670 ## - SOURCE DATA FOUND

  • Source citation: Work cat.: (GE_BSU)56466: Международная научно-практическая конференция "Молодежное предпринимательство в странах восточного партнертсва: опыт формирования и перспективы развития". 13-14 сентября.